| 000 -LEADER |
| fixed length control field |
01421cam a2200361 i 4500 |
| 001 - CONTROL NUMBER |
| control field |
18288346 |
| 003 - CONTROL NUMBER IDENTIFIER |
| control field |
NUST |
| 005 - DATE AND TIME OF LATEST TRANSACTION |
| control field |
20241115154126.0 |
| 008 - FIXED-LENGTH DATA ELEMENTS--GENERAL INFORMATION |
| fixed length control field |
140903s2015 enk b 001 0 eng |
| 010 ## - LIBRARY OF CONGRESS CONTROL NUMBER |
| LC control number |
2014034358 |
| 020 ## - INTERNATIONAL STANDARD BOOK NUMBER |
| International Standard Book Number |
9781118504949 (cloth) |
| 040 ## - CATALOGING SOURCE |
| Original cataloging agency |
DLC |
| Language of cataloging |
eng |
| Transcribing agency |
DLC |
| Description conventions |
rda |
| Modifying agency |
DLC |
| 042 ## - AUTHENTICATION CODE |
| Authentication code |
pcc |
| 050 00 - LIBRARY OF CONGRESS CALL NUMBER |
| Classification number |
TX553.A3 |
| Item number |
N675 2015 |
| 082 00 - DEWEY DECIMAL CLASSIFICATION NUMBER |
| Classification number |
641.308 |
| Edition number |
23 |
| 245 00 - TITLE STATEMENT |
| Title |
Nutraceutical and functional food processing technology / |
| Statement of responsibility, etc. |
edited by Joyce Irene Boye. |
| 264 #1 - PRODUCTION, PUBLICATION, DISTRIBUTION, MANUFACTURE, AND COPYRIGHT NOTICE |
| Place of production, publication, distribution, manufacture |
Chichester, West Sussex, UK ; |
| -- |
Hoboken, NJ, USA : |
| Name of producer, publisher, distributor, manufacturer |
Wiley Blackwell, |
| Date of production, publication, distribution, manufacture, or copyright notice |
2015. |
| 300 ## - PHYSICAL DESCRIPTION |
| Extent |
xiii, 382 pages ; |
| Dimensions |
26 cm |
| 336 ## - CONTENT TYPE |
| Content type term |
text |
| Content type code |
txt |
| Source |
rdacontent |
| 337 ## - MEDIA TYPE |
| Media type term |
unmediated |
| Media type code |
n |
| Source |
rdamedia |
| 338 ## - CARRIER TYPE |
| Carrier type term |
volume |
| Carrier type code |
nc |
| Source |
rdacarrier |
| 504 ## - BIBLIOGRAPHY, ETC. NOTE |
| Bibliography, etc. note |
Includes bibliographical references and index. |
| 650 #0 - SUBJECT ADDED ENTRY--TOPICAL TERM |
| Topical term or geographic name entry element |
Food additives. |
| 9 (RLIN) |
126950 |
| 650 #0 - SUBJECT ADDED ENTRY--TOPICAL TERM |
| Topical term or geographic name entry element |
Functional foods. |
| 9 (RLIN) |
126951 |
| 650 #0 - SUBJECT ADDED ENTRY--TOPICAL TERM |
| Topical term or geographic name entry element |
Nutrition. |
| 9 (RLIN) |
37332 |
| 650 #0 - SUBJECT ADDED ENTRY--TOPICAL TERM |
| Topical term or geographic name entry element |
Food industry and trade. |
| 9 (RLIN) |
126952 |
| 700 1# - ADDED ENTRY--PERSONAL NAME |
| Personal name |
Boye, Joyce I. |
| 9 (RLIN) |
126953 |
| 700 1# - ADDED ENTRY--PERSONAL NAME |
| Personal name |
Catalouge By Rani Shaista Kanwal |
| 9 (RLIN) |
126486 |
| 776 08 - ADDITIONAL PHYSICAL FORM ENTRY |
| Relationship information |
Online version: |
| Title |
Nutraceutical and functional food processing technology |
| Place, publisher, and date of publication |
Chichester, West Sussex, UK ; Hoboken, NJ, USA : John Wiley & Sons Inc., [2015] |
| International Standard Book Number |
9781118504970 |
| Record control number |
(DLC) 2014035530 |
| 906 ## - LOCAL DATA ELEMENT F, LDF (RLIN) |
| a |
7 |
| b |
cbc |
| c |
orignew |
| d |
1 |
| e |
ecip |
| f |
20 |
| g |
y-gencatlg |
| 942 ## - ADDED ENTRY ELEMENTS (KOHA) |
| Source of classification or shelving scheme |
|
| Koha item type |
Book |